| 000 | 00328nam a2200121Ia 4500 | ||
|---|---|---|---|
| 008 | 220901s9999||||xx |||||||||||||| ||und|| | ||
| 082 | _a670 SPR | ||
| 100 | _aSpringer | ||
| 245 | 0 | _aInternational journal of plastics technology | |
| 250 | _aVol. 16 Issue No. 1& 2 | ||
| 260 |
_bSpringer _c2012 |
||
| 650 | _aProduction Technology | ||
| 999 |
_c193800 _d193800 |
||